• 首页
  • 本馆介绍
  • 公告通知
  • 最新文献
  • 馆藏检索
  • 电子资源
  • 读者导购
  • 参考咨询
  • 我的图书馆
  • 登录
  • 详细信息显示
  • 放入我的书架
  • 预约/预借图书
  • 作者相关作品
  • 分类相关作品
  • 丛书相关作品
  • 出版社相关作品

书目信息

  • 表格格式
  • 工作单格式
  • 卡片格式
题名:
晚清民国初年广东的士绅与商人
    
 
作者: 邱捷 著
分册:  
出版信息: 桂林   广西师范大学出版社  2012.04
页数: 303页
开本: 21cm
丛书名:
单 册:
中图分类: D691.71 , F729.5
科图分类:
主题词: 士绅--研究--广东--近代 , 商人--研究--广东--近代 , 士绅 , 商人
电子资源:
ISBN: 978-7-5495-1432-8
000 00996nam0 2200289 450
001 010050035645
005 20130427082051.32
010    @a978-7-5495-1432-8@dCNY30.00
100    @a20120806d2012 em y0chiy0110 ea
101 0  @achi
102    @aCN@b450000
105    @ay z 000yy
106    @ar
200 1  @a晚清民国初年广东的士绅与商人@9wan qing min guo chu nian guang dong de shi shen yu shang ren@f邱捷著
210    @a桂林@c广西师范大学出版社@d2012.04
215    @a303页@d21cm
300    @a本书得到中山大学211工程建设项目经费资助
330    @a本书收录的十多篇论文分别研究了晚清民国初年这个时段广东的官绅关系、绅民关系、士绅控制的乡村基层权力机构以及广东的绅商、广东商人与香港关系、广州的商人团体等问题。
606 0  @a士绅@x研究@y广东@z近代
606 0  @a商人@x研究@y广东@z近代
606 0  @a士绅
606 0  @a商人
690    @aD691.71@v5
690    @aF729.5@v5
701  0 @a邱捷@9qiu jie@f(1945.11~)@4著
801  0 @aCN@bNLC@c20121012
905    @b542033-37@dD691.71@e193@f5
    
    晚清民国初年广东的士绅与商人/邱捷著.-桂林:广西师范大学出版社,2012.04
    303页;21cm
    本书得到中山大学211工程建设项目经费资助
    
    ISBN 978-7-5495-1432-8:CNY30.00
    本书收录的十多篇论文分别研究了晚清民国初年这个时段广东的官绅关系、绅民关系、士绅控制的乡村基层权力机构以及广东的绅商、广东商人与香港关系、广州的商人团体等问题。
●
相关链接 在E读中查询图书 在五车中查询图书 在当当中查询图书 在豆瓣中查询图书


正题名:晚清民国初年广东的士绅与商人     索取号:D691.71/193         预约/预借

序号 登录号 条形码 馆藏地/架位号 状态 备注
1 542033   205420338   第一样本阅览室/ [索取号:D691.71/193] 在馆    
2 542034   205420347   第一借阅区/ [索取号:D691.71/193] 在馆    
3 542035   205420356   第一借阅区/ [索取号:D691.71/193] 在馆    
4 542036   205420365   第一借阅区/ [索取号:D691.71/193] 在馆    
5 542037   205420374   史法系资料室/ [索取号:D691.71/193] 在馆    
唐山师范学院图书馆 欢迎您!
大连网信软件有限公司© 版权所有